NBA Players Signatures Moves - Statistics

General Stats
  • This quiz has been taken 40 times
  • The average score is 11 of 18
Answer Stats
Signature Move Player % Correct
Fade-away Michael Jordan
97%
One Leg Fade-away Dirk Nowitzki
94%
Sky Hook Kareem Abdul-Jabbar
94%
Chasedown Block LeBron James
94%
Dream Shake Hakeem Olajuwon
88%
Finger Wag Dikembe Mutumbo
76%
Step Back James Harden
76%
No-Look pass Magic Johnson
68%
Bank Shot Tim Duncan
68%
Eurostep Manu Ginobili
47%
Killer Crossover Tim Hardaway
44%
Black Tornado Shaquille O'Neal
41%
Solo Alley-oop Tracy McGrady
41%
Finger Roll George Gervin
38%
Tear Dropper Tony Parker
35%
Shake and Bake Jamal Crawford
29%
Up & Under Kevin McHale
24%
Turn-around jumper Patrick Ewing
21%
No matching quizzes found
Score Distribution
Percent of People with Each Score
Percentile by Number Answered
Your Score History
You have not taken this quiz